[Event "Lignano Bella Italia op 2nd"]
[Site "Lignano Sabbiadoro"]
[Date "2023.08.22"]
[Round "8"]
[White "Tornay Gomez, Josu"]
[Black "Leitgeb, Julian"]
[Result "0-1"]
[WhiteElo "2009"]
[BlackElo "2170"]
[PlyCount "66"]
[EventDate "2023.08.17"]
[EventType "swiss"]
[EventRounds "9"]
[EventCountry "ITA"]
[SourceTitle "EXT 2024"]
[Source "ChessBase"]
[SourceDate "2023.10.10"]
[SourceVersion "1"]
[SourceVersionDate "2023.10.10"]
[SourceQuality "1"]

1. e4 c5 2. a3 e6 3. b4 cxb4 4. axb4 d5 5. e5 Nc6 6. d4 Bxb4+ 7. c3 Ba5 8. Nf3 Nge7 9. Bd3 h6 10. 0-0 Bc7 11. Na3 Bd7 12. Nb5 a6 13. Nxc7+ Qxc7 14. Ba3 0-0 15. g4 f5 16. gxf5 exf5 17. Kh1 Qd8 18. Rg1 Qe8 19. Nh4 g5 20. Qf3 Kh8 21. Ng2 f4 22. Bc2 g4 23. Qd1 Qh5 24. Bc1 Ng6 25. Bxg6 Qxg6 26. Nxf4 Qe4+ 27. f3 gxf3 28. Ng6+ Kh7 29. Nxf8+ Rxf8 30. Re1 Qg6 31. Ra2 f2 32. Rae2 fxe1Q+ 33. Qxe1 Bg4 0-1

[Event "Lignano Bella Italia op 2nd"]
[Site "Lignano Sabbiadoro"]
[Date "2023.08.18"]
[Round "2"]
[White "Golubka, Petr"]
[Black "Leitgeb, Julian"]
[Result "1-0"]
[WhiteElo "2421"]
[BlackElo "2170"]
[PlyCount "47"]
[EventDate "2023.08.17"]
[EventType "swiss"]
[EventRounds "9"]
[EventCountry "ITA"]
[SourceTitle "EXT 2024"]
[Source "ChessBase"]
[SourceDate "2023.10.10"]
[SourceVersion "1"]
[SourceVersionDate "2023.10.10"]
[SourceQuality "1"]

1. e4 c5 2. Nf3 e6 3. g3 Nc6 4. Bg2 Nf6 5. Qe2 d5 6. d3 Be7 7. 0-0 0-0 8. Nbd2 Qc7 9. Re1 Nd7 10. Nf1 d4 11. e5 b5 12. a4 bxa4 13. Rxa4 Nb6 14. Ra1 Bb7 15. N1d2 a5 16. Ne4 Rfd8 17. h4 Nb4 18. Nfg5 c4 19. Qh5 Bxg5 20. Bxg5 Nxc2 21. Bf6 Kf8 22. Nd6 Bxg2 23. Qxh7 gxf6 24. exf6 1-0

[Event "Fuerstenfeld U18 op 6th"]
[Site "Fuerstenfeld"]
[Date "2023.07.21"]
[Round "2"]
[White "Leitgeb, Julian"]
[Black "Huber, Elisa"]
[Result "1-0"]
[WhiteElo "2198"]
[BlackElo "1427"]
[PlyCount "97"]
[EventDate "2023.07.20"]
[EventType "swiss"]
[EventRounds "7"]
[EventCountry "AUT"]
[SourceTitle "CBM 215 Extra"]
[Source "ChessBase"]
[SourceDate "2023.09.30"]
[SourceVersion "1"]
[SourceVersionDate "2023.09.30"]
[SourceQuality "1"]

1. b3 Nf6 2. Bb2 d6 3. e3 g6 4. Be2 Bg7 5. d4 Bd7 6. Nf3 0-0 7. 0-0 Bg4 8. h3 Bxf3 9. Bxf3 d5 10. c4 e6 11. Nd2 Nbd7 12. Rc1 c6 13. Qc2 Rc8 14. Rfd1 Qe7 15. Qb1 Rfd8 16. a4 e5 17. Qa1 e4 18. Be2 a5 19. Ba3 Qe8 20. Qc3 b6 21. c5 Bf8 22. Nb1 bxc5 23. Bxc5 Bxc5 24. dxc5 Ra8 25. Na3 Qe5 26. Qxe5 Nxe5 27. Nc2 Rdc8 28. Nd4 Ne8 29. f3 exf3 30. gxf3 Ng7 31. f4 Nd7 32. Bf3 Nf6 33. Kf2 Ne6 34. Nxe6 fxe6 35. Rc3 Kf7 36. Ke2 Re8 37. Rd4 Rab8 38. Kd3 e5 39. fxe5 Rxe5 40. Rf4 Rbe8 41. Kd2 Kg7 42. b4 axb4 43. Rxb4 R5e7 44. Rb6 Rc7 45. Rcb3 Rec8 46. Rb7 Kh6 47. Kc3 Kg5 48. a5 Rxb7 49. Rxb7 1-0

[Event "Ceske Budejovice op-A"]
[Site "Ceske Budejovice"]
[Date "2023.07.05"]
[Round "5"]
[White "Leitgeb, Julian"]
[Black "Prazak, Daniel"]
[Result "1/2-1/2"]
[WhiteElo "2198"]
[BlackElo "2082"]
[PlyCount "26"]
[EventDate "2023.07.01"]
[EventType "swiss"]
[EventRounds "9"]
[EventCountry "CZE"]
[SourceTitle "CBM 215 Extra"]
[Source "ChessBase"]
[SourceDate "2023.09.30"]
[SourceVersion "1"]
[SourceVersionDate "2023.09.30"]
[SourceQuality "1"]

1. e4 e5 2. Nf3 Nc6 3. Bb5 Nf6 4. 0-0 Nxe4 5. d4 Nd6 6. Ba4 e4 7. Re1 Be7 8. Ne5 0-0 9. Nc3 f5 10. Bb3+ Kh8 11. Bf4 Nxe5 12. dxe5 Nf7 13. Bxf7 Rxf7 1/2-1/2

[Event "Ceske Budejovice op-A"]
[Site "Ceske Budejovice"]
[Date "2023.07.01"]
[Round "1"]
[White "Leitgeb, Julian"]
[Black "Zednicek, Filip"]
[Result "1-0"]
[WhiteElo "2198"]
[BlackElo "1841"]
[PlyCount "79"]
[EventDate "2023.07.01"]
[EventType "swiss"]
[EventRounds "9"]
[EventCountry "CZE"]
[SourceTitle "CBM 215 Extra"]
[Source "ChessBase"]
[SourceDate "2023.09.30"]
[SourceVersion "1"]
[SourceVersionDate "2023.09.30"]
[SourceQuality "1"]

1. e4 e5 2. Nf3 Nc6 3. Bb5 f5 4. Nc3 fxe4 5. Nxe4 d5 6. Nxe5 dxe4 7. Nxc6 Qg5 8. Qe2 Nf6 9. Nxa7+ Kd8 10. Nxc8 Qxg2 11. Qf1 Qf3 12. Nb6 cxb6 13. Rg1 Qf5 14. a4 Nd5 15. c3 Nf4 16. d4 exd3 17. Bxf4 Qxb5 18. 0-0-0 Qf5 19. Qxd3+ Qxd3 20. Rxd3+ Kc8 21. Rgd1 Be7 22. Rd7 Bd8 23. R7d4 b5 24. axb5 Ra1+ 25. Kc2 Rxd1 26. Rxd1 Rf8 27. Bg3 Rf5 28. c4 g5 29. Kd3 h5 30. Ke4 Rf7 31. f3 h4 32. Be5 Bc7 33. Rd3 Bd8 34. b3 Ba5 35. Rd6 Bc7 36. Rd5 Bd8 37. h3 b6 38. Rd1 Ra7 39. Ra1 Re7 40. Ra8+ 1-0

[Event "AUT-ch U16"]
[Site "St Veit"]
[Date "2023.04.02"]
[Round "1"]
[White "Winkelbauer, Christian"]
[Black "Leitgeb, Julian"]
[Result "0-1"]
[WhiteElo "1655"]
[BlackElo "2133"]
[PlyCount "60"]
[EventDate "2023.04.02"]
[EventType "swiss"]
[EventRounds "7"]
[EventCountry "AUT"]
[SourceTitle "EXT 2024"]
[Source "ChessBase"]
[SourceDate "2023.10.10"]
[SourceVersion "1"]
[SourceVersionDate "2023.10.10"]
[SourceQuality "1"]

1. c4 Nf6 2. g3 e6 3. Bg2 d5 4. Nf3 d4 5. 0-0 c5 6. e3 Nc6 7. exd4 cxd4 8. d3 Be7 9. a3 a5 10. Nbd2 0-0 11. Rb1 e5 12. Qe2 Nd7 13. Re1 Re8 14. Ne4 h6 15. g4 Nf8 16. h3 Qc7 17. Bd2 a4 18. b4 axb3 19. Rxb3 Ne6 20. Bb4 Nf4 21. Qd2 Nxb4 22. axb4 h5 23. Ng3 hxg4 24. hxg4 Bxg4 25. Rxe5 Nxg2 26. Rxe7 Rxe7 27. Kxg2 Bxf3+ 28. Kxf3 Qc6+ 29. Kg4 Re6 30. b5 Rg6+ 0-1

[Event "AUT-chT2M 2223"]
[Site "Austria"]
[Date "2022.10.23"]
[Round "6.6"]
[White "Leitgeb, Julian"]
[Black "Wegerer, Fred"]
[Result "1-0"]
[WhiteElo "2067"]
[BlackElo "2098"]
[PlyCount "79"]
[EventDate "2022.09.30"]
[EventType "team-tourn"]
[EventRounds "11"]
[EventCountry "AUT"]
[SourceTitle "EXT 2024"]
[Source "ChessBase"]
[SourceDate "2023.10.10"]
[SourceVersion "1"]
[SourceVersionDate "2023.10.10"]
[SourceQuality "1"]
[WhiteTeam "Fuerstenfeld/Hartberg"]
[BlackTeam "Gleisdorf"]
[WhiteTeamCountry "AUT"]
[BlackTeamCountry "AUT"]

1. e4 c5 2. Nf3 e6 3. d4 cxd4 4. Nxd4 Bc5 5. Nb3 Be7 6. Nc3 Nc6 7. Bf4 d6 8. Qd2 e5 9. Be3 Nf6 10. f3 Be6 11. 0-0-0 0-0 12. g4 a6 13. h4 Rc8 14. Kb1 b5 15. Nd5 Bxd5 16. exd5 Nb8 17. g5 Nh5 18. Bh3 Rc4 19. Bg4 g6 20. Bxh5 gxh5 21. f4 exf4 22. Bxf4 Re8 23. Be3 Bf8 24. Bd4 Nd7 25. Qf2 Ne5 26. Nd2 Ng4 27. Qf4 Rxd4 28. Qxd4 Bg7 29. Qf4 Re2 30. Ne4 Be5 31. Qf3 Re3 32. Qg2 Qa5 33. Nf6+ Nxf6 34. gxf6+ Rg3 35. Qf2 Qb4 36. c3 Qe4+ 37. Ka1 Kf8 38. Rde1 Qg6 39. Rxe5 dxe5 40. Qc5+ 1-0

[Event "AUT-ch U14"]
[Site "St Veit"]
[Date "2021.10.26"]
[Round "3.1"]
[White "Leitgeb, Julian"]
[Black "Borrmann, Laurenz"]
[Result "0-1"]
[WhiteElo "1966"]
[BlackElo "2136"]
[PlyCount "74"]
[EventDate "2021.10.25"]
[EventType "swiss"]
[EventRounds "7"]
[EventCountry "AUT"]
[SourceTitle "EXT 2023"]
[Source "ChessBase"]
[SourceDate "2022.10.05"]
[SourceVersion "1"]
[SourceVersionDate "2022.10.05"]
[SourceQuality "1"]

1. e4 c6 2. d4 d5 3. e5 Bf5 4. h4 h5 5. Bd3 Bxd3 6. Qxd3 Qa5+ 7. Nd2 e6 8. Ngf3 Nh6 9. 0-0 Nf5 10. c4 Be7 11. g3 Na6 12. b3 Rd8 13. Bb2 c5 14. cxd5 Rxd5 15. Nc4 Qb5 16. a4 Qd7 17. Ne3 Nxe3 18. fxe3 cxd4 19. exd4 0-0 20. Rf2 Nb4 21. Qe4 Qc6 22. g4 Rc5 23. Qxc6 Rxc6 24. gxh5 Nd3 25. Rd2 Nf4 26. Kf2 Bb4 27. Ba3 Bxd2 28. Nxd2 Rd8 29. Ne4 Rc2+ 30. Ke3 Re2+ 31. Kf3 Rxd4 32. Ng3 Rd3+ 33. Kxf4 Rf2+ 34. Ke4 Rxg3 35. Bc5 Rh2 36. Kf4 Rxb3 37. Kg4 Rc2 0-1

[Event "AUT-ch U14"]
[Site "St Veit"]
[Date "2021.10.25"]
[Round "1.4"]
[White "Leitgeb, Julian"]
[Black "Wohlgenannt, Nicolas"]
[Result "1-0"]
[WhiteElo "1966"]
[BlackElo "1712"]
[PlyCount "59"]
[EventDate "2021.10.25"]
[EventType "swiss"]
[EventRounds "7"]
[EventCountry "AUT"]
[SourceTitle "EXT 2023"]
[Source "ChessBase"]
[SourceDate "2022.10.05"]
[SourceVersion "1"]
[SourceVersionDate "2022.10.05"]
[SourceQuality "1"]

1. e4 c6 2. d4 d5 3. e5 c5 4. dxc5 e6 5. a3 Bxc5 6. b4 Bb6 7. Nf3 Ne7 8. Bd3 Ng6 9. 0-0 0-0 10. Re1 Nc6 11. Bb2 a6 12. Nbd2 Bc7 13. g3 b5 14. Nb3 Bb6 15. h4 Bb7 16. h5 Nge7 17. c3 Qc7 18. Nbd4 Rfc8 19. Rc1 Nxd4 20. cxd4 Qd7 21. Bb1 Rxc1 22. Bxc1 g6 23. Nh2 Nf5 24. Ng4 Kg7 25. Qd2 Nxd4 26. Qh6+ Kh8 27. Nf6 Nf3+ 28. Kh1 Ng5 29. Bxg5 d4+ 30. Kh2 1-0

[Event "AUT-chT District U18 Online Rapid"]
[Site "Playchess.com INT"]
[Date "2020.12.12"]
[Round "7"]
[White "Leitgeb, Julian"]
[Black "Balint, Peter1111"]
[Result "1-0"]
[WhiteElo "1807"]
[BlackElo "1808"]
[PlyCount "57"]
[EventDate "2020.12.12"]
[EventType "team-swiss (rapid)"]
[EventRounds "9"]
[EventCountry "AUT"]
[SourceTitle "EXT 2022"]
[Source "ChessBase"]
[SourceDate "2021.10.06"]
[SourceVersion "1"]
[SourceVersionDate "2021.10.06"]
[SourceQuality "1"]

1. e4 e5 2. Nf3 Nc6 3. Bc4 Nf6 4. Ng5 d5 5. exd5 Na5 6. Bb5+ c6 7. dxc6 bxc6 8. Bd3 h6 9. Ne4 Nd5 10. 0-0 Be7 11. Ng3 Nf4 12. Bf5 0-0 13. d4 f6 14. dxe5 Bxf5 15. Qxd8 Bxd8 16. Nxf5 fxe5 17. Bxf4 exf4 18. Nd4 Bf6 19. c3 c5 20. Ne6 Rfc8 21. Nxf4 c4 22. Nd5 Bd8 23. Nd2 Rab8 24. Rab1 Bg5 25. Ne4 Bd8 26. Rfd1 Rb5 27. Nd6 Rbc5 28. Nxc8 Rxc8 29. g3 1-0

[Event "AUT-chT District U18 Online Rapid"]
[Site "Playchess.com INT"]
[Date "2020.12.12"]
[Round "9"]
[White "Leitgeb, Julian"]
[Black "Hiebner, Carina"]
[Result "1/2-1/2"]
[WhiteElo "1812"]
[BlackElo "1598"]
[PlyCount "63"]
[EventDate "2020.12.12"]
[EventType "team-swiss (rapid)"]
[EventRounds "9"]
[EventCountry "AUT"]
[SourceTitle "EXT 2022"]
[Source "ChessBase"]
[SourceDate "2021.10.06"]
[SourceVersion "1"]
[SourceVersionDate "2021.10.06"]
[SourceQuality "1"]

1. e4 d6 2. d4 Nf6 3. Nc3 g6 4. f4 Bg7 5. Nf3 0-0 6. Bc4 Na6 7. e5 dxe5 8. fxe5 Nd7 9. e6 Nb6 10. exf7+ Kh8 11. Bb3 Bg4 12. Be3 Nb4 13. 0-0 N4d5 14. Nxd5 Nxd5 15. Bxd5 Qxd5 16. c3 Rxf7 17. h3 Bxf3 18. Rxf3 Rxf3 19. Qxf3 Qxf3 20. gxf3 Kg8 21. Kf2 Kf7 22. f4 e6 23. Kf3 Rd8 24. Ke4 c6 25. Rh1 Rd5 26. c4 Rf5 27. Rh2 Rh5 28. Kf3 Rf5 29. Ke4 Rh5 30. Kf3 Rf5 31. Kg3 Bf6 32. h4 1/2-1/2

[Event "AUT-ch U12 Online Blitz"]
[Site "Playchess.com INT"]
[Date "2020.12.11"]
[Round "3"]
[White "Rabitsch, David"]
[Black "Leitgeb, Julian"]
[Result "0-1"]
[WhiteElo "1538"]
[BlackElo "1787"]
[PlyCount "60"]
[EventDate "2020.12.11"]
[EventType "swiss (blitz)"]
[EventRounds "7"]
[EventCountry "AUT"]
[SourceTitle "EXT 2022"]
[Source "ChessBase"]
[SourceDate "2021.10.06"]
[SourceVersion "1"]
[SourceVersionDate "2021.10.06"]
[SourceQuality "1"]

1. e4 c5 2. Nf3 e6 3. d4 cxd4 4. Nxd4 Nc6 5. Nc3 Nf6 6. f3 Bb4 7. Be3 d5 8. e5 Nxe5 9. Qd2 Nc6 10. 0-0-0 e5 11. Nxc6 bxc6 12. Re1 0-0 13. a3 Ba5 14. Bc5 Re8 15. Bd3 Nd7 16. b4 Nxc5 17. bxa5 Qxa5 18. f4 e4 19. Bxe4 Qxa3+ 20. Kd1 dxe4 21. Nxe4 Bg4+ 22. Re2 Nxe4 23. Ke1 Nxd2 24. Rxe8+ Rxe8+ 25. Kxd2 Qb4+ 26. Kc1 Re2 27. Rd1 h6 28. Rd8+ Kh7 29. f5 Qc3 30. h3 Qxc2# 0-1